01219cam a2200289 a 4500001000500000005001700005020001800022040002300040050001700063082001000080100001900090245006100109260006000170300005900230490002300289500002000312505000800332520017100340521002000511521002000531650004200551906004500593942001500638999001500653952013700668952012400805268620240111152248.0 a9781604724349 aDLCcDLCdDLCbENG00aTF148b 200900a625.11 aCarroll, Molly10aWhooo, whooo ... here come the trains /cMolly Carroll. aGuangdong Province :bRourke Educational Media , c2009 a14 unnumbered pages : bcolor illustrations ; c16 cm.0 aRourke board books aOn board pages. aG  aThis will be the new favorite train book for many little kids. The large photos of trains will catch their attention as they learn about different types of trains. . a390 bLexile  aG bRaz-Plus  0aRailroad trainsvJuvenile literature. a7bcbccorignewd1eecipf20gy-gencatlg 2ddccBKn0 c2686d2686 00102ddc40708NFICa001b001cTTPd2024-01-10l3oCAR 625.1 TF148pFISTK02204r2024-02-20 08:19:47s2024-02-06t1w2024-01-10yBK 00102ddc40708NFICa001b001cTTPd2024-01-10l0oCAR 625.1 TF148p2024-0282r2024-03-07 14:06:42t2w2024-01-10yBK